<?xml version="1.0" encoding="UTF-8"?>
<marc:record xmlns:marc="http://www.loc.gov/MARC21/slim">
   <marc:leader>00000nam a2200000 a 4500</marc:leader>
   <marc:datafield ind1="1" ind2=" " tag="100">
      <marc:subfield code="a">Kapageoroglou, Lazaros</marc:subfield>
      <marc:subfield code="4">aut</marc:subfield>
      <marc:subfield code="e">Verfasser/-in</marc:subfield>
   </marc:datafield>
   <marc:datafield ind1="0" ind2="0" tag="245">
      <marc:subfield code="a">Sonne und Meer auf dem Teller</marc:subfield>
   </marc:datafield>
   <marc:datafield ind1="0" ind2="0" tag="245">
      <marc:subfield code="b">Moderne griechische Küche</marc:subfield>
   </marc:datafield>
   <marc:datafield ind1="0" ind2="0" tag="245">
      <marc:subfield code="c">Lazaros Kapageoroglou</marc:subfield>
   </marc:datafield>
   <marc:datafield ind1=" " ind2="1" tag="264">
      <marc:subfield code="a">Zürich</marc:subfield>
      <marc:subfield code="b">Atrium Verlag AG</marc:subfield>
      <marc:subfield code="c">2023</marc:subfield>
   </marc:datafield>
   <marc:datafield ind1="1" ind2=" " tag="520">
      <marc:subfield code="a">Lazaros weiss, wie man Sonne und Meer auf den Teller zaubert. Die Küche seines Heimatlands, bei uns vor allem bekannt durch Moussaka oder Souvlaki, bietet viel mehr als jene beiden Klassiker. Und selbst diese vermag der Autor auf spannende Weise zuzubereiten. Auf einer kulinarischen Reise durch Griechenland führt er uns zu vielen neuen Entdeckungen &#x96; kennen Sie zum Beispiel Karpouzopita Milou, die Wassermelonen-Torte von Milos? Lazaros präsentiert Rezepte aus verschiedenen Regionen Griechenlands: Aufstriche, Salate, Feta- und Joghurtgerichte zum Teilen, Klassiker, Eintöpfe und Suppen werden ergänzt durch süsse Gebäcke, Honiggerichte und Früchtedesserts. Immer mit einem frischen, modernen Twist und einfach nachzukochen.</marc:subfield>
   </marc:datafield>
   <marc:datafield ind1=" " ind2=" " tag="020">
      <marc:subfield code="a">9783039021482</marc:subfield>
      <marc:subfield code="9">9783039021482</marc:subfield>
   </marc:datafield>
   <marc:datafield ind1=" " ind2=" " tag="020">
      <marc:subfield code="a">3039021486</marc:subfield>
      <marc:subfield code="9">3039021486</marc:subfield>
   </marc:datafield>
   <marc:datafield ind1=" " ind2=" " tag="300">
      <marc:subfield code="a">320 S.</marc:subfield>
   </marc:datafield>
</marc:record>
